La couleur dans les titres de films - Statistiques

Statistiques générales
  • Ce quiz a été pris 1 361 fois
    154 depuis la dernière actualisation
  • Le résultat moyen est 10 sur 20
Statistiques - réponses
Par images Réponse % Correct
Blanche-Neige et les sept nains
99%
Men in Black
92%
La Ligne Verte
91%
Black Swan
78%
Green Lantern
77%
Orange Mécanique
62%
Le Grand Bleu
57%
Boîte noire
54%
Le Grand Blond avec une chaussure noire
47%
Cinquante Nuances de Grey
46%
Alerte Rouge
41%
Croc-Blanc
37%
Moulin Rouge
36%
Green Book
34%
Les Rivières pourpres
32%
Yellow Submarine
28%
La couleur pourpre
25%
Blue Velvet
15%
Dragon Rouge
15%
La Ligne rouge
15%
Aucun quiz correspondant
Distribution des résultats
% des personnes avec chaque résultat
Percentile par nombre de réponses
Votre historique - résultats
Vous n’avez pas pris ce quiz depuis la dernière actualisation